La protoindustria colonial hispanoamericana (notice nᵒ 1019)
[ vue normale ]
| 000 -Sello discográfico | |
|---|---|
| campo de control de longitud fija | 01257nam a2200337 4500 |
| 005 - Identificación de versión | |
| campo de control | 20251016082550.0 |
| 010 ## - Número Estándar Internacional de Libros (ISBN) | |
| Número (ISBN) | 968-16-4247-3 |
| 035 ## - Otros números de control del sistema | |
| Número de control del sistema | 21771 |
| 099 ## - fechas locales | |
| Tipo de ítem Koha | LIBRO |
| 100 ## - Datos de procesamiento general | |
| Datos de procesamiento general | 19960726d1993 m y1spay5003 ba |
| 105 ## - Campo de datos codificados: Material textual, monográfico | |
| Datos codificados de monografía | a 001zy |
| 200 1# - Título y mención de responsabilidad | |
| Título propio | La protoindustria colonial hispanoamericana |
| Designación general del material | texto impreso |
| Primer mención de responsabilidad | Manuel Miño Grijalva |
| Declaración de responsabilidad subsiguiente | presentación Alicia Hernández Chávez |
| 205 ## - Declaración de edición | |
| Declaración de edición | 1a ed |
| 210 ## - Publicación, distribución, etc. | |
| Lugar de publicación, distribución, etc. | México |
| Nombre del editor, distribuidor, etc. | El Colegio de México |
| -- | Fideicomiso Historia de las Américas |
| -- | Fondo de Cultura Económica |
| Fecha de publicación, distribución, etc. | 1993 |
| 215 ## - Descripción física | |
| Designación de material específico y extensión del ítem | 227 p |
| Otras características físicas | il. |
| Dimensiones | 23 cm |
| 345 ## - Nota de información de adquisición | |
| Fuente de adquisición/dirección de la suscripción [OBSOLETO] | Donación del FCE |
| 410 #1 - Series | |
| Título | Fideicomiso Historia de las Américas |
| Nombre de parte o sección | Serie Ensayos |
| 410 #1 - Series | |
| Título | Sección de Obras de Historia |
| 606 ## - Término temático usado como materia | |
| Elemento de entrada | Fibras textiles |
| Subdivisión temática | Comercio |
| Subdivisión geográfica | Hispanoamérica |
| Subdivisión temática | Historia |
| Subdivisión cronológica | Siglo XIX |
| Número Koha | 2737 |
| 606 ## - Término temático usado como materia | |
| Elemento de entrada | Industria textil |
| Subdivisión geográfica | Hispanoamérica |
| Subdivisión temática | Historia |
| Subdivisión cronológica | Siglo XIX |
| Número Koha | 2738 |
| 660 ## - Código de área geográfica | |
| Código | MX |
| 700 ## - Nombre personal - Responsabilidad primaria | |
| Elemento de entrada | Miño Grijalva |
| Parte del nombre distinta del elemento de entrada | Manuel |
| Fechas | 1951- |
| Número Koha | 2739 |
| 702 ## - Nombre personal - Responsabilidad secundaria | |
| Elemento de entrada | Hernández Chávez |
| Parte del nombre distinta del elemento de entrada | Alicia |
| Fechas | 1943- |
| Número Koha | 2396 |
| 801 #0 - Fuente de origen | |
| Agencia | cm |
| 900 ## - | |
| -- | 1/12746 |
| 900 ## - | |
| -- | 710962239\\260796 |
| 942 ## - ELEMENTOS DE ENTRADA SECUNDARIOS (KOHA) | |
| Tipo de ítem Koha | Livre |
| 996 ## - | |
| -- | MEX |
| -- | 751145101 |
| -- | MMAG |
| -- | 005800 |
| -- | 338.47 M666P |
| -- | 20220112LIV |
| Estatus retirado | Estado de daño | Estado de pérdida | Fecha de adquisición | Biblioteca de origen | Biblioteca actual | Ubicación en estantería | Código de barras | Precio de reemplazo | Signatura topográfica completa | No para préstamo | Tipo de ítem Koha | Nota pública | Nota no pública |
|---|---|---|---|---|---|---|---|---|---|---|---|---|---|
| 05/08/2025 | Casa México Paris | Casa México Paris | 005800 | 05/08/2025 | 338.47 M666P | Livre | 20220112LIV | 751145101 |